<?xml version="1.0" encoding="UTF-8"?>
<record
    xmlns:xsi="http://www.w3.org/2001/XMLSchema-instance"
    xsi:schemaLocation="http://www.loc.gov/MARC21/slim http://www.loc.gov/standards/marcxml/schema/MARC21slim.xsd"
    xmlns="http://www.loc.gov/MARC21/slim">

  <leader>004290000a22001210004500</leader>
  <datafield tag="090" ind1=" " ind2=" ">
    <subfield code="a">As</subfield>
    <subfield code="b">Seriadas</subfield>
  </datafield>
  <datafield tag="245" ind1="1" ind2="0">
    <subfield code="a">Impacto ecol&#xF3;gico de la hormiga loca, Paratrechina fulva (Mayr) en el municipio de Cimitarra (Santander)</subfield>
  </datafield>
  <datafield tag="041" ind1="0" ind2=" ">
    <subfield code="a">Espa&#xF1;ol</subfield>
  </datafield>
  <datafield tag="700" ind1="1" ind2=" ">
    <subfield code="a">Zenner de Polan&#xED;a, Ingeborg</subfield>
    <subfield code="9">98362</subfield>
  </datafield>
  <datafield tag="100" ind1="1" ind2=" ">
    <subfield code="a">Mart&#xED;nez Wilches, Orlando</subfield>
    <subfield code="9">98361</subfield>
  </datafield>
  <datafield tag="942" ind1=" " ind2=" ">
    <subfield code="c">ARTICULO</subfield>
  </datafield>
  <datafield tag="773" ind1="1" ind2=" ">
    <subfield code="t">Revista Colombiana de Entomolog&#xED;a</subfield>
    <subfield code="h">1</subfield>
    <subfield code="q">14-22</subfield>
    <subfield code="d">1992</subfield>
    <subfield code="g">18</subfield>
  </datafield>
  <datafield tag="999" ind1=" " ind2=" ">
    <subfield code="c">15892</subfield>
    <subfield code="d">15892</subfield>
  </datafield>
</record>
